Teologia e Chiesa. 2 (Record n. 31720)
[ formato base ]
| 000 -LEADER | |
|---|---|
| fixed length control field | 00554nam a2200253Ia 4500 |
| 003 - CONTROL NUMBER IDENTIFIER | |
| control field | IT-RoPAU |
| 005 - DATE AND TIME OF LATEST TRANSACTION | |
| control field | 20220918175825.0 |
| 008 - FIXED-LENGTH DATA ELEMENTS--GENERAL INFORMATION | |
| fixed length control field | 120407s9999 xx 000 0 und d |
| 040 ## - CATALOGING SOURCE | |
| Original cataloging agency | IT-RoPAU |
| 040 ## - CATALOGING SOURCE | |
| Transcribing agency | IT-RoPAU |
| 041 ## - LANGUAGE CODE | |
| Language code of text/sound track or separate title | ita |
| 100 ## - MAIN ENTRY--PERSONAL NAME | |
| Personal name | Walter Kasper |
| 9 (RLIN) | 35985 |
| 245 ## - TITLE STATEMENT | |
| Title | Teologia e Chiesa. 2 |
| 250 ## - EDITION STATEMENT | |
| Edition statement | Brescia |
| 260 ## - PUBLICATION, DISTRIBUTION, ETC. (IMPRINT) | |
| Place of publication, distribution, etc. | Queriniana |
| 260 ## - PUBLICATION, DISTRIBUTION, ETC. (IMPRINT) | |
| Date of publication, distribution, etc. | 2001 |
| 300 ## - PHYSICAL DESCRIPTION | |
| Extent | 294 p. |
| 300 ## - PHYSICAL DESCRIPTION | |
| Other physical details | brossura |
| 300 ## - PHYSICAL DESCRIPTION | |
| Dimensions | 23 cm |
| 490 ## - SERIES STATEMENT | |
| Series statement | Biblioteca di Teologia contemp. |
| 490 ## - SERIES STATEMENT | |
| Volume/sequential designation | 114 |
| 942 ## - ADDED ENTRY ELEMENTS (KOHA) | |
| Koha item type | LIBRO |
| Source of classification or shelving scheme | Dewey Decimal Classification |
| Withdrawn status | Lost status | Source of classification or shelving scheme | Damaged status | Not for loan | Home library | Current library | Date acquired | Total Checkouts | Full call number | Date last seen | Price effective from | Koha item type | Public note |
|---|---|---|---|---|---|---|---|---|---|---|---|---|---|
| Dewey Decimal Classification | Buone Condizioni | Not For Loan | PAULUS-BIBLIOTECA | PAULUS-BIBLIOTECA | 11/04/2012 | 230.814 | 11/04/2012 | 11/04/2012 | LIBRO | Inserito da: LUCIA In data: 07 ottobre 2011 fondo: Via A.Severo 56 Progr:34772 |